[Event "RUS-chT2"]
[Site "Sochi"]
[Date "2019.05.09"]
[Round "8.4"]
[White "Pryalukhin, Danila"]
[Black "Guempel, Viktor"]
[Result "1/2-1/2"]
[WhiteElo "2075"]
[BlackElo "2130"]
[PlyCount "61"]
[EventDate "2019.05.01"]
[EventType "team-swiss"]
[EventRounds "9"]
[EventCountry "RUS"]
[SourceTitle "CBM 190 Extra"]
[Source "ChessBase"]
[SourceDate "2019.07.15"]
[SourceVersion "1"]
[SourceVersionDate "2019.07.15"]
[SourceQuality "1"]
[WhiteTeam "Moscow BYCP"]
[BlackTeam "Altai Territory"]
[WhiteTeamCountry "RUS"]
[BlackTeamCountry "RUS"]

1. d4 d5 2. c4 c6 3. Nc3 Nf6 4. Nf3 e6 5. Bg5 dxc4 6. e4 b5 7. e5 h6 8. Bh4 g5 9. exf6 gxh4 10. Ne5 Qxf6 11. g3 Nd7 12. Qe2 c5 13. Nc6 Be7 14. d5 Bb7 15. Bg2 h3 16. Bxh3 Bxc6 17. dxc6 Ne5 18. 0-0 a6 19. f4 Nd3 20. f5 0-0-0 21. fxe6 Qd4+ 22. Kh1 f6 23. c7 Kxc7 24. Bg2 Rd6 25. Rf5 b4 26. Nd5+ Rxd5 27. Rxd5 Nf2+ 28. Kg1 Nh3+ 29. Kh1 Nf2+ 30. Kg1 Nh3+ 31. Kh1 1/2-1/2

[Event "RUS-chT2"]
[Site "Sochi"]
[Date "2019.05.07"]
[Round "6.4"]
[White "Petrov, Nikolay3"]
[Black "Pryalukhin, Danila"]
[Result "1/2-1/2"]
[WhiteElo "1976"]
[BlackElo "2075"]
[PlyCount "119"]
[EventDate "2019.05.01"]
[EventType "team-swiss"]
[EventRounds "9"]
[EventCountry "RUS"]
[SourceTitle "CBM 190 Extra"]
[Source "ChessBase"]
[SourceDate "2019.07.15"]
[SourceVersion "1"]
[SourceVersionDate "2019.07.15"]
[SourceQuality "1"]
[WhiteTeam "Moscow Summer Sports"]
[BlackTeam "Moscow BYCP"]
[WhiteTeamCountry "RUS"]
[BlackTeamCountry "RUS"]

1. e4 d5 2. exd5 Qxd5 3. Nc3 Qd6 4. d4 Nf6 5. Nf3 Bg4 6. h3 Bh5 7. g4 Bg6 8. Bg2 c6 9. 0-0 e6 10. Ne2 Qc7 11. c4 Nbd7 12. Nh4 Be7 13. Ng3 Nb6 14. g5 Nfd7 15. b3 0-0 16. Nxg6 hxg6 17. h4 e5 18. Bb2 Rad8 19. Qg4 Rfe8 20. Rfe1 Bf8 21. Rad1 exd4 22. Qxd4 Rxe1+ 23. Rxe1 Nc5 24. Qc3 Nd3 25. Rd1 Nxb2 26. Rxd8 Qxd8 27. Qxb2 Qd1+ 28. Bf1 Qg4 29. Qe5 Qxh4 30. Be2 Nd7 31. Qe3 Bc5 32. Qe8+ Nf8 33. Ne4 Bd4 34. c5 Qf4 35. Bc4 Qg4+ 36. Kf1 Qd7 37. Qxd7 Nxd7 38. b4 Be5 39. Ke2 Kf8 40. Ke3 Ke7 41. f4 Bc7 42. Nf2 Nf8 43. a4 Ne6 44. Nd3 f6 45. Ke4 fxg5 46. f5 Nf4 47. fxg6 Nxd3 48. Bxd3 Kf6 49. Be2 Bg3 50. Bg4 Be1 51. Bc8 Bxb4 52. Bxb7 Bxc5 53. Bxc6 Kxg6 54. Kf3 Kf5 55. Bd7+ Ke5 56. Kg4 Be3 57. Bb5 Kd4 58. Be8 Kc5 59. Bb5 Kb4 60. Be8 1/2-1/2

[Event "RUS-chT2"]
[Site "Sochi"]
[Date "2019.05.04"]
[Round "4.4"]
[White "Pryalukhin, Danila"]
[Black "Pingin, Artem"]
[Result "1/2-1/2"]
[WhiteElo "2075"]
[BlackElo "2192"]
[PlyCount "115"]
[EventDate "2019.05.01"]
[EventType "team-swiss"]
[EventRounds "9"]
[EventCountry "RUS"]
[SourceTitle "CBM 190 Extra"]
[Source "ChessBase"]
[SourceDate "2019.07.15"]
[SourceVersion "1"]
[SourceVersionDate "2019.07.15"]
[SourceQuality "1"]
[WhiteTeam "Moscow BYCP"]
[BlackTeam "Ural Karpov Academy"]
[WhiteTeamCountry "RUS"]
[BlackTeamCountry "RUS"]

1. d4 e6 2. c4 Nf6 3. Nf3 b6 4. Bg5 Bb7 5. e3 d5 6. Nc3 Nbd7 7. cxd5 exd5 8. Bd3 Be7 9. 0-0 0-0 10. Qe2 a6 11. Rac1 Re8 12. Rfd1 Bd6 13. Qc2 h6 14. Bh4 Rc8 15. Bf5 g5 16. Bg3 Bxg3 17. hxg3 Rb8 18. Ne2 c6 19. g4 Ne4 20. Bxd7 Qxd7 21. Ne5 Qe6 22. f3 f6 23. fxe4 fxe5 24. exd5 cxd5 25. dxe5 Rbc8 26. Qd3 Kh8 27. Rxc8 Rxc8 28. Qf5 Re8 29. Rc1 a5 30. Rc7 Qxf5 31. gxf5 Ba6 32. Nd4 Rxe5 33. f6 Kg8 34. Nc6 Re6 35. Ne7+ Kf7 36. Nxd5+ Kf8 37. Kf2 Bd3 38. Kg3 Be4 39. Nc3 Bg6 40. Nd5 Be4 41. Rd7 Bxd5 42. Rxd5 Kf7 43. Kf3 Kxf6 44. g4 Kg6 45. e4 Rf6+ 46. Rf5 Rc6 47. Rd5 Rf6+ 48. Ke3 Rf4 49. Rd6+ Kg7 50. Rxb6 Rxg4 51. Ra6 Rg2 52. Rxa5 Rxb2 53. Kf3 Kf6 54. Ra6+ Ke5 55. Ra5+ Ke6 56. a4 Rb3+ 57. Kg4 Rb4 58. Ra6+ 1/2-1/2

[Event "RUS-chT2"]
[Site "Sochi"]
[Date "2019.05.01"]
[Round "1.4"]
[White "Pryalukhin, Danila"]
[Black "Utnasunov, Alexander"]
[Result "0-1"]
[WhiteElo "2075"]
[BlackElo "2437"]
[PlyCount "78"]
[EventDate "2019.05.01"]
[EventType "team-swiss"]
[EventRounds "9"]
[EventCountry "RUS"]
[SourceTitle "CBM 190 Extra"]
[Source "ChessBase"]
[SourceDate "2019.07.15"]
[SourceVersion "1"]
[SourceVersionDate "2019.07.15"]
[SourceQuality "1"]
[WhiteTeam "Moscow BYCP"]
[BlackTeam "Sochi Krasnodar Territory"]
[WhiteTeamCountry "RUS"]
[BlackTeamCountry "RUS"]

1. d4 d5 2. c4 c6 3. Nf3 Nf6 4. Nbd2 Bf5 5. Nh4 Be4 6. Qb3 Qb6 7. c5 Qc7 8. f3 Bg6 9. e4 e5 10. Nxg6 hxg6 11. dxe5 Nfd7 12. Qc3 Qxe5 13. Qxe5+ Nxe5 14. exd5 Bxc5 15. Nc4 Nxc4 16. Bxc4 0-0 17. Bf4 Re8+ 18. Kf1 cxd5 19. Bxd5 Nc6 20. Rc1 Bb6 21. Bxc6 bxc6 22. Rd1 Re6 23. g3 Rae8 24. Rd2 f6 25. g4 Re1+ 26. Kg2 R8e2+ 27. Kh3 Rxd2 28. Rxe1 Rxb2 29. Rc1 g5 30. Bd6 Rxa2 31. Rxc6 Kf7 32. Bc7 Be3 33. Bb8 a5 34. Rc7+ Kg6 35. Rb7 Bc5 36. Rb5 Bb4 37. Rb7 Rf2 38. Kg3 Rb2 39. Kh3 Bc3 0-1

[Event "St Petersburg Korchnoi Memorial op"]
[Site "St Petersburg"]
[Date "2018.08.23"]
[Round "9"]
[White "Tran, Minh Thang"]
[Black "Pryalukhin, Danila"]
[Result "1-0"]
[WhiteElo "2335"]
[BlackElo "2045"]
[PlyCount "57"]
[EventDate "2018.08.15"]
[EventType "swiss"]
[EventRounds "9"]
[EventCountry "RUS"]
[SourceTitle "CBM 186 Extra"]
[Source "ChessBase"]
[SourceDate "2018.08.24"]
[SourceVersion "1"]
[SourceVersionDate "2018.08.24"]
[SourceQuality "1"]

1. d4 c5 2. d5 Nf6 3. c4 e6 4. Nc3 exd5 5. cxd5 d6 6. Nf3 g6 7. Bf4 Bg7 8. Qa4+ Bd7 9. Qb3 Qc7 10. h3 0-0 11. e3 Nh5 12. Bh2 f5 13. Be2 f4 14. 0-0 Bh6 15. Ne4 Bf5 16. Nfd2 Qe7 17. Bxh5 gxh5 18. Bxf4 Bxf4 19. exf4 Bxe4 20. Rae1 Bxd5 21. Qxd5+ Qf7 22. Qxd6 Nc6 23. Qxc5 Qxa2 24. Nc4 Kh8 25. Re4 Rfe8 26. Rxe8+ Rxe8 27. Nd6 Rb8 28. Qc3+ Kg8 29. Nf5 1-0

[Event "St Petersburg Korchnoi Memorial op"]
[Site "St Petersburg"]
[Date "2018.08.19"]
[Round "5"]
[White "Evdokimov, Alexey2"]
[Black "Pryalukhin, Danila"]
[Result "0-1"]
[WhiteElo "2288"]
[BlackElo "2045"]
[PlyCount "108"]
[EventDate "2018.08.15"]
[EventType "swiss"]
[EventRounds "9"]
[EventCountry "RUS"]
[SourceTitle "CBM 186 Extra"]
[Source "ChessBase"]
[SourceDate "2018.08.24"]
[SourceVersion "1"]
[SourceVersionDate "2018.08.24"]
[SourceQuality "1"]

1. c4 e5 2. g3 Nc6 3. Bg2 f5 4. Nc3 Nf6 5. Nf3 Bc5 6. 0-0 d6 7. d3 a6 8. Bg5 h6 9. Bxf6 Qxf6 10. Nd5 Qf7 11. Rb1 0-0 12. e3 Ba7 13. b4 Nd8 14. Nd2 c6 15. Nc3 f4 16. exf4 exf4 17. Nce4 Qg6 18. Kh1 Kh8 19. Nf3 Bg4 20. Nh4 Qe6 21. f3 Bh5 22. g4 Bg6 23. Re1 Be3 24. Bh3 Bxe4 25. dxe4 Bf2 26. Nf5 Bxe1 27. Qxe1 Nf7 28. Qc3 Qe5 29. Qd2 g6 30. Nd4 Rad8 31. Bg2 Rfe8 32. Ne2 g5 33. Nc3 Kg7 34. Rg1 Nh8 35. Bf1 Ng6 36. Be2 Ne7 37. Re1 Ng8 38. Bd1 d5 39. cxd5 cxd5 40. Na4 dxe4 41. Qc2 Qd4 42. fxe4 Nf6 43. Bf3 Qd3 44. Qxd3 Rxd3 45. Kg2 Rd2+ 46. Kg1 Rxa2 47. Nc5 Re7 48. e5 Nd7 49. Bd5 Rd2 50. Ne6+ Kh8 51. Bc4 b5 52. Bb3 Rb2 53. Nd4 Nxe5 54. Be6 Rxe6 0-1

[Event "St Petersburg Korchnoi Memorial op"]
[Site "St Petersburg"]
[Date "2018.08.18"]
[Round "4"]
[White "Pryalukhin, Danila"]
[Black "Gyrgenova, Ekaterina"]
[Result "1-0"]
[WhiteElo "2045"]
[BlackElo "1738"]
[PlyCount "87"]
[EventDate "2018.08.15"]
[EventType "swiss"]
[EventRounds "9"]
[EventCountry "RUS"]
[SourceTitle "CBM 186 Extra"]
[Source "ChessBase"]
[SourceDate "2018.08.24"]
[SourceVersion "1"]
[SourceVersionDate "2018.08.24"]
[SourceQuality "1"]

1. d4 e6 2. c4 Nf6 3. Nf3 Bb4+ 4. Nbd2 d5 5. Qc2 c6 6. g3 0-0 7. Bg2 Nbd7 8. 0-0 Qe7 9. e4 dxe4 10. Nxe4 Nxe4 11. Qxe4 c5 12. dxc5 Bxc5 13. b3 f5 14. Qe2 e5 15. Bb2 e4 16. Nd4 Ne5 17. Kh1 Nd3 18. Bc3 Qd7 19. Nc2 b6 20. Rad1 Qe7 21. Rxd3 exd3 22. Qxe7 Bxe7 23. Bxa8 dxc2 24. Bd5+ Kh8 25. Rc1 f4 26. Rxc2 f3 27. Bd4 Bc5 28. Bxc5 bxc5 29. Rc3 Bg4 30. Re3 g5 31. Kg1 a5 32. Kf1 Kg7 33. Ke1 Kg6 34. Kd2 Bh5 35. Re6+ Kf5 36. Re7 h6 37. h3 g4 38. hxg4+ Kxg4 39. Re5 Bf7 40. Re4+ Kh3 41. Rf4 Re8 42. Bxf3 Rd8+ 43. Ke1 Re8+ 44. Kf1 1-0

[Event "St Petersburg Korchnoi Memorial op"]
[Site "St Petersburg"]
[Date "2018.08.15"]
[Round "1"]
[White "Zakhartsov, Vladimir"]
[Black "Pryalukhin, Danila"]
[Result "1-0"]
[WhiteElo "2490"]
[BlackElo "2045"]
[PlyCount "75"]
[EventDate "2018.08.15"]
[EventType "swiss"]
[EventRounds "9"]
[EventCountry "RUS"]
[SourceTitle "CBM 186 Extra"]
[Source "ChessBase"]
[SourceDate "2018.08.24"]
[SourceVersion "1"]
[SourceVersionDate "2018.08.24"]
[SourceQuality "1"]

1. c4 e6 2. d4 Nf6 3. Nf3 c5 4. d5 exd5 5. cxd5 d6 6. Nc3 g6 7. e4 a6 8. a4 Bg4 9. Qb3 Bxf3 10. gxf3 Qe7 11. Bf4 Nh5 12. Bxd6 Qxd6 13. Qxb7 Bg7 14. Qxa8 Qb6 15. Bxa6 Qxb2 16. Bb5+ Ke7 17. d6+ Kf6 18. e5+ Kg5 19. Ne4+ Kh6 20. Rd1 Nf4 21. 0-0 Nd7 22. Qb7 Nxe5 23. Kh1 c4 24. Qb6 Ned3 25. Qe3 Bd4 26. Qd2 f5 27. Qxb2 Bxb2 28. Ng3 Ne5 29. Rd2 c3 30. Rc2 Nxf3 31. Rd1 Nd2 32. Ne2 Nxe2 33. Bxe2 Nb3 34. d7 Rd8 35. Bb5 Kg5 36. Re2 Nd2 37. Re8 c2 38. Rg1+ 1-0

[Event "Chigorin Memorial 25th"]
[Site "St Petersburg"]
[Date "2017.10.28"]
[Round "8"]
[White "Murzin, Volodar"]
[Black "Pryalukhin, Danila"]
[Result "1-0"]
[WhiteElo "2270"]
[BlackElo "2031"]
[PlyCount "53"]
[EventDate "2017.10.21"]
[EventType "swiss"]
[EventRounds "9"]
[EventCountry "RUS"]
[SourceTitle "CBM 181 Extra"]
[Source "ChessBase"]
[SourceDate "2017.12.12"]
[SourceVersion "1"]
[SourceVersionDate "2017.12.12"]
[SourceQuality "1"]

1. e4 d5 2. exd5 Qxd5 3. Nc3 Qd6 4. d4 Nf6 5. Nf3 Bg4 6. h3 Bh5 7. g4 Bg6 8. Bg2 Nc6 9. 0-0 0-0-0 10. Be3 e6 11. Qe2 Nb4 12. Ne5 c6 13. a3 Nbd5 14. g5 Nd7 15. Nxg6 Nxc3 16. bxc3 hxg6 17. Rab1 Qc7 18. Rb3 Nb6 19. Rfb1 Rd7 20. a4 Qd8 21. c4 Rc7 22. a5 Na8 23. d5 exd5 24. cxd5 cxd5 25. c4 Rxc4 26. Rxb7 Qxa5 27. Rxa7 1-0

[Event "Chigorin Memorial 25th"]
[Site "St Petersburg"]
[Date "2017.10.27"]
[Round "7"]
[White "Pryalukhin, Danila"]
[Black "Protopopova, Anastasiya"]
[Result "1-0"]
[WhiteElo "2031"]
[BlackElo "2219"]
[PlyCount "55"]
[EventDate "2017.10.21"]
[EventType "swiss"]
[EventRounds "9"]
[EventCountry "RUS"]
[SourceTitle "CBM 181 Extra"]
[Source "ChessBase"]
[SourceDate "2017.12.12"]
[SourceVersion "1"]
[SourceVersionDate "2017.12.12"]
[SourceQuality "1"]

1. d4 d5 2. c4 c6 3. Nc3 dxc4 4. e4 b5 5. a4 b4 6. Nb1 Ba6 7. Nf3 Nf6 8. e5 Nd5 9. e6 f6 10. Qc2 Qd6 11. Be2 Qxe6 12. 0-0 b3 13. Qd1 Qf7 14. Na3 Nb6 15. a5 Nc8 16. Bf4 e5 17. dxe5 Bxa3 18. Rxa3 0-0 19. exf6 Qxf6 20. Be5 Qf7 21. Bc3 Nd7 22. Qd4 c5 23. Qg4 h6 24. Rd1 Nb8 25. Qe4 Ne7 26. Rd6 Nf5 27. Rxa6 Kh8 28. Ne5 1-0

[Event "Chigorin Memorial 25th"]
[Site "St Petersburg"]
[Date "2017.10.26"]
[Round "6"]
[White "Rjabzev, Konstantin"]
[Black "Pryalukhin, Danila"]
[Result "1/2-1/2"]
[WhiteElo "2270"]
[BlackElo "2031"]
[PlyCount "61"]
[EventDate "2017.10.21"]
[EventType "swiss"]
[EventRounds "9"]
[EventCountry "RUS"]
[SourceTitle "CBM 181 Extra"]
[Source "ChessBase"]
[SourceDate "2017.12.12"]
[SourceVersion "1"]
[SourceVersionDate "2017.12.12"]
[SourceQuality "1"]

1. Nf3 Nf6 2. g3 b6 3. Bg2 Bb7 4. 0-0 e6 5. d3 c5 6. e4 d6 7. Nbd2 Qc7 8. Re1 Nbd7 9. c3 Be7 10. d4 cxd4 11. cxd4 0-0 12. b3 Rac8 13. Ba3 b5 14. e5 Nd5 15. exd6 Bxd6 16. Bxd6 Qxd6 17. Ne4 Qb6 18. Ne5 Nxe5 19. dxe5 Nc3 20. Qd6 Nxe4 21. Qxb6 axb6 22. Bxe4 Bxe4 23. Rxe4 Rfd8 24. a4 h6 25. Rb4 Rd5 26. Re1 Rcc5 27. Rbe4 Rc3 28. Rb4 Rcc5 29. Rbe4 Rc3 30. Rb4 Rcc5 31. Rbe4 1/2-1/2

[Event "Chigorin Memorial 25th"]
[Site "St Petersburg"]
[Date "2017.10.23"]
[Round "3"]
[White "Pryalukhin, Danila"]
[Black "Surovtseva, Alisa"]
[Result "1-0"]
[WhiteElo "2031"]
[BlackElo "1693"]
[PlyCount "39"]
[EventDate "2017.10.21"]
[EventType "swiss"]
[EventRounds "9"]
[EventCountry "RUS"]
[SourceTitle "CBM 181 Extra"]
[Source "ChessBase"]
[SourceDate "2017.12.12"]
[SourceVersion "1"]
[SourceVersionDate "2017.12.12"]
[SourceQuality "1"]

1. d4 d5 2. c4 c6 3. Nc3 Nf6 4. Nf3 e6 5. Bg5 dxc4 6. e4 b5 7. e5 h6 8. Bh4 g5 9. exf6 gxh4 10. Ne5 Qxf6 11. g3 Bd6 12. Qe2 Qe7 13. Bg2 Bb7 14. 0-0 Qc7 15. Qh5 Qe7 16. a4 a6 17. Ne4 Rf8 18. axb5 Bb4 19. bxc6 Bc8 20. c7 1-0

[Event "Chigorin Memorial 24th"]
[Site "St Petersburg"]
[Date "2016.10.21"]
[Round "7"]
[White "Yandarbiev, Ruslan"]
[Black "Pryalukhin, Danila"]
[Result "1-0"]
[WhiteElo "2342"]
[BlackElo "2019"]
[PlyCount "91"]
[EventDate "2016.10.15"]
[EventType "swiss"]
[EventRounds "9"]
[EventCountry "RUS"]
[SourceTitle "CBM 175 Extra"]
[Source "ChessBase"]
[SourceDate "2016.12.12"]
[SourceVersion "1"]
[SourceVersionDate "2016.12.12"]
[SourceQuality "1"]

1. e4 c5 2. Nf3 d6 3. d4 cxd4 4. Nxd4 Nf6 5. Nc3 a6 6. Be2 e5 7. Nb3 Be6 8. 0-0 Be7 9. Be3 0-0 10. Qd3 Nbd7 11. Nd5 Bxd5 12. exd5 Ne8 13. c4 b6 14. Qd2 f5 15. f4 g5 16. g3 gxf4 17. gxf4 e4 18. Nd4 Ng7 19. Kh1 Bf6 20. Rg1 Kh8 21. Rg3 Qe7 22. Rag1 Rg8 23. b4 a5 24. a3 axb4 25. axb4 Qf7 26. Qd1 Ne5 27. fxe5 dxe5 28. Ne6 f4 29. Nxf4 exf4 30. Bxf4 Ra1 31. Qd2 Rxg1+ 32. Rxg1 Nf5 33. Rxg8+ Qxg8 34. Qe1 Bd4 35. h3 Qg6 36. Bg4 h5 37. Bd1 Nh4 38. Qg3 Qxg3 39. Bxg3 Nf5 40. Bc7 Ne3 41. Be2 Kg7 42. d6 Be5 43. Bxb6 Nf5 44. d7 Bf6 45. Kg2 Nd6 46. d8Q 1-0

[Event "Chigorin Memorial 24th"]
[Site "St Petersburg"]
[Date "2016.10.20"]
[Round "6"]
[White "Pryalukhin, Danila"]
[Black "Kazakouski, Valery"]
[Result "0-1"]
[WhiteElo "2019"]
[BlackElo "2399"]
[PlyCount "92"]
[EventDate "2016.10.15"]
[EventType "swiss"]
[EventRounds "9"]
[EventCountry "RUS"]
[SourceTitle "CBM 175 Extra"]
[Source "ChessBase"]
[SourceDate "2016.12.12"]
[SourceVersion "1"]
[SourceVersionDate "2016.12.12"]
[SourceQuality "1"]

1. d4 Nf6 2. Bg5 e6 3. Nd2 h6 4. Bh4 c5 5. e4 g5 6. Bg3 cxd4 7. e5 Nd5 8. h4 gxh4 9. Rxh4 Nc6 10. Ngf3 Rg8 11. Rh3 b6 12. Bc4 Bb7 13. Bxd5 exd5 14. Nb3 Qe7 15. Kf1 0-0-0 16. Nbxd4 Qb4 17. Nxc6 dxc6 18. Qd4 Rg4 19. Qxb4 Rxb4 20. b3 Rg4 21. Nh4 Ba6+ 22. Kg1 Re8 23. Nf5 Re6 24. Rd1 Re4 25. Nd4 Rg6 26. f3 Be2 27. fxe4 Bxd1 28. exd5 cxd5 29. Bf2 Bg7 30. Nf5 Bg4 31. Rc3+ Kd7 32. Nxg7 Rxg7 33. Bh4 Bf5 34. Rg3 Rxg3 35. Bxg3 Bxc2 36. Kf2 Be4 37. Bf4 h5 38. g3 d4 39. Bg5 Ke6 40. Bf6 Kd5 41. Ke2 Bb1 42. a3 Bc2 43. b4 Kc4 44. Bg5 Kb3 45. Bc1 Ka2 46. Kd2 Kb1 0-1

[Event "Chigorin Memorial 24th"]
[Site "St Petersburg"]
[Date "2016.10.19"]
[Round "5"]
[White "Khanin, Semen"]
[Black "Pryalukhin, Danila"]
[Result "1/2-1/2"]
[WhiteElo "2397"]
[BlackElo "2019"]
[PlyCount "80"]
[EventDate "2016.10.15"]
[EventType "swiss"]
[EventRounds "9"]
[EventCountry "RUS"]
[SourceTitle "CBM 175 Extra"]
[Source "ChessBase"]
[SourceDate "2016.12.12"]
[SourceVersion "1"]
[SourceVersionDate "2016.12.12"]
[SourceQuality "1"]

1. e4 d5 2. exd5 Qxd5 3. Nc3 Qd6 4. d4 Nf6 5. Nf3 Bg4 6. h3 Bh5 7. g4 Bg6 8. Ne5 Nbd7 9. Nxg6 hxg6 10. Bg2 c6 11. 0-0 e6 12. Re1 Be7 13. Ne2 Qc7 14. c4 0-0 15. Qb3 a5 16. Bf4 Qb6 17. Qc2 Rfe8 18. Rad1 Rac8 19. Ng3 Nh7 20. Ne4 Nhf6 21. Nc3 Bb4 22. a3 Bxc3 23. Qxc3 Qa6 24. b4 b5 25. c5 Nd5 26. Bxd5 axb4 27. axb4 exd5 28. Ra1 Qb7 29. Rxe8+ Rxe8 30. Qa3 Nf8 31. Be3 Qe7 32. Qa7 Qf6 33. Qc7 Qf3 34. Ra7 Rxe3 35. fxe3 Qxe3+ 36. Kg2 Qe2+ 37. Kg3 Qe3+ 38. Kg2 Qe2+ 39. Kg3 Qe3+ 40. Kg2 Qe2+ 1/2-1/2

[Event "RUS-chT U20"]
[Site "Kolomna"]
[Date "2014.08.07"]
[Round "6"]
[White "Ufimtsev, Egor"]
[Black "Pryalukhin, Danila"]
[Result "1-0"]
[WhiteElo "1928"]
[BlackElo "1594"]
[PlyCount "99"]
[EventDate "2014.08.02"]
[EventType "swiss"]
[EventRounds "9"]
[EventCountry "RUS"]
[SourceTitle "EXT 2016"]
[Source "ChessBase"]
[SourceDate "2015.10.08"]
[SourceVersion "1"]
[SourceVersionDate "2015.10.08"]
[SourceQuality "1"]

1. c4 c5 2. Nf3 Nf6 3. Nc3 Nc6 4. g3 d5 5. cxd5 Nxd5 6. Bg2 Nc7 7. 0-0 e5 8. d3 Be7 9. b3 0-0 10. Bb2 f6 11. e3 Be6 12. Qe2 Qe8 13. Rfd1 Qf7 14. Rac1 Nd5 15. Na4 Ncb4 16. Ba1 Rac8 17. d4 cxd4 18. exd4 e4 19. Qxe4 Nxa2 20. Rxc8 Rxc8 21. Re1 Rc6 22. Nc5 Bc8 23. Ng5 fxg5 24. Qxd5 Rc7 25. Qe5 Bf6 26. Qd6 Nb4 27. Bc3 Rc6 28. Bxc6 Nxc6 29. Ne4 Be7 30. Qc7 Bh3 31. Nd2 Qd5 32. f3 Bd6 33. Qxb7 h5 34. Qa6 Ne5 35. dxe5 Qc5+ 36. Kh1 Qf2 37. Rg1 Bc5 38. Qa1 Qe3 39. b4 Bb6 40. b5 g4 41. fxg4 Qd3 42. Qa2+ Kh8 43. Qc4 Qd7 44. Re1 Bxg4 45. e6 Qe7 46. h4 Qf8 47. e7 Bf3+ 48. Kh2 Qf5 49. e8Q+ Kh7 50. Qcg8+ 1-0

[Event "RUS-chT U20"]
[Site "Kolomna"]
[Date "2014.08.02"]
[Round "1"]
[White "Gurvich, Vitaly"]
[Black "Pryalukhin, Danila"]
[Result "1-0"]
[WhiteElo "2132"]
[BlackElo "1594"]
[PlyCount "73"]
[EventDate "2014.08.02"]
[EventType "swiss"]
[EventRounds "9"]
[EventCountry "RUS"]
[SourceTitle "EXT 2016"]
[Source "ChessBase"]
[SourceDate "2015.10.08"]
[SourceVersion "1"]
[SourceVersionDate "2015.10.08"]
[SourceQuality "1"]

1. e4 c5 2. Nc3 Nc6 3. g3 g6 4. Bg2 Bg7 5. d3 d6 6. Be3 Rb8 7. f4 e6 8. Nf3 Nge7 9. 0-0 0-0 10. Qd2 b5 11. Nd1 Ba6 12. Re1 b4 13. Bf2 Qa5 14. g4 f5 15. Ng5 Bc8 16. gxf5 exf5 17. Ne3 h6 18. Nc4 Qc7 19. Nf3 Be6 20. e5 Bxc4 21. dxc4 dxe5 22. fxe5 Rbd8 23. Qe2 Nd4 24. Nxd4 cxd4 25. Rad1 Nc6 26. Bd5+ Kh7 27. e6 Rfe8 28. Qd3 Kh8 29. Qf3 Ne5 30. Qg3 Re7 31. b3 g5 32. Bxd4 f4 33. Bxe5 Bxe5 34. Qh3 Qc5+ 35. Kh1 Qf2 36. Rxe5 Rf8 37. Qxh6+ 1-0